| 000 | 01745nam0a2200337 4500 | ||
|---|---|---|---|
| 001 | RU\NLR\bibl\1307461 | ||
| 005 | 20260405203117.0 | ||
| 010 |
_a5-9616-0200-1 _9100 |
||
| 021 |
_aRU _b2008-84975 _94961 |
||
| 035 | _a(NLR Aleph) 001292959 | ||
| 090 |
_a570943 _c570943 |
||
| 100 | _a20081212d2007 |||y0rusy50 ca | ||
| 101 | 0 | _arus | |
| 102 | _aRU | ||
| 105 | _aa ||||||||| | ||
| 200 | 1 |
_aБезопасность продовольственного сырья и продуктов питания _eучебное пособие _fТ.Е. Никифорова _gФедер. агентство по образованию, Гос. образоват. учреждение высш. проф. образования, Иван. гос. хим.-технол. ун-т |
|
| 210 |
_aИваново _cГОУ ВПО Ивановский государственный химико-технологический университет _d2007 |
||
| 215 |
_a131 с. _cил. _d21 |
||
| 320 | _aБиблиогр.: с. 128-129 (23 назв.) | ||
| 606 | 1 |
_aПищевые продукты _jУчебные издания _xЗагрязнение _xГигиеническая оценка _91862338 _3RU\NLR\auth\66844848 |
|
| 606 | 1 |
_aПищевые добавки _jУчебные издания _xГигиенические требования _91000449 _3RU\NLR\auth\6661558 |
|
| 686 | _aР123.512я73 | ||
| 686 | _aР123.1я73 | ||
| 700 | 1 |
_4070 _8rus _7ca _aНикифорова _bТ. Е. _cканд. хим. наук _gТатьяна Евгеньевна _3RU\NLR\auth\7790543 _973470 |
|
| 801 | 0 |
_aRU _bNLR _c20081212 _gRCR |
|
| 801 | 1 |
_aRU _bNLR _c20081212 |
|
| 830 | _aавт. по кн. | ||
| 942 | _cBOOK | ||
| 980 | _aNB | ||
| 980 | _aNBR | ||